[Event "Gibraltar Masters 2014"]
[Site "Caleta ENG"]
[Date "2014.01.28"]
[Round "1.41"]
[White "Vinas Guerrero, C."]
[Black "Gopal, G."]
[Result "0-1"]
[WhiteElo "2153"]
[BlackElo "2550"]
[PlyCount "60"]
[EventDate "2014.01.28"]

1. e4 c5 2. Nf3 d6 3. Nc3 a6 4. d4 cxd4 5. Nxd4 Nf6 6. Be3 e5 7. Nb3 Be6 8. Qf3
Nbd7 9. h3 Rc8 10. O-O-O Rxc3 11. bxc3 Qc7 12. Kb2 h5 13. Bd3 g6 14. a4 Bg7 15.
a5 d5 16. Rhe1 O-O 17. Bb6 Qc6 18. Qe2 Rc8 19. Qd2 dxe4 20. Bf1 Nxb6 21. axb6
Bh6 22. Qxh6 Qxc3+ 23. Ka3 Qxc2 24. Rb1 Rc3 25. Re3 Rxe3 26. Qxe3 Qxb1 27. Be2
a5 28. Qc3 Nd5 29. Qxe5 Nb4 30. Qb2 Nc2+ 0-1

[Event "Gibraltar Masters 2014"]
[Site "Caleta ENG"]
[Date "2014.01.28"]
[Round "1.43"]
[White "Bar, Av"]
[Black "Spraggett, K."]
[Result "0-1"]
[WhiteElo "2148"]
[BlackElo "2544"]
[PlyCount "108"]
[EventDate "2014.01.28"]

1. e4 c6 2. d4 d5 3. e5 Bf5 4. Nf3 e6 5. Be2 h6 6. O-O Ne7 7. Nbd2 Nd7 8. Nb3
Bh7 9. Bd2 a5 10. a4 Ng6 11. c4 dxc4 12. Bxc4 Be7 13. Qe1 b6 14. Qe2 O-O 15. g3
Nb8 16. Rac1 Qd7 17. h4 Rc8 18. h5 Nf8 19. g4 Qd8 20. Kh2 Nbd7 21. Rg1 b5 22.
axb5 a4 23. bxc6 Nb6 24. Na5 Nxc4 25. Rxc4 Rxa5 26. Bxa5 Qxa5 27. Rgc1 Rc7 28.
R1c3 Qb5 29. Kg3 g5 30. Qd1 Bb4 31. Rxb4 Qxb4 32. Qc1 Qe7 33. Qd1 Be4 34. Qxa4
Qe8 35. Nd2 Bxc6 36. Qc2 Ba4 37. Qd3 Rxc3 38. bxc3 Bc6 39. c4 Qa8 40. f3 Qa1
41. Qe3 Qc1 42. Kf2 Bb7 43. Kg3 Ba6 44. c5 Bb7 45. Kg2 Bd5 46. Nf1 Qd1 47. Nd2
Nd7 48. Ne4 Qc2+ 49. Nf2 Nb8 50. Kg3 Nc6 51. f4 gxf4+ 52. Kxf4 Qb2 53. g5 Nxd4
54. Ng4 Ne2+ 0-1

[Event "Gibraltar Masters 2014"]
[Site "Caleta ENG"]
[Date "2014.01.28"]
[Round "1.44"]
[White "Maze, S."]
[Black "Byron, A."]
[Result "1-0"]
[WhiteElo "2536"]
[BlackElo "2149"]
[PlyCount "135"]
[EventDate "2014.01.28"]

1. e4 c5 2. Nf3 e6 3. c4 Nc6 4. Nc3 e5 5. a3 Nf6 6. d3 h6 7. Rb1 d6 8. b4 b6 9.
Be2 Be7 10. O-O O-O 11. h3 Kh8 12. Nh2 Nh7 13. Bg4 Bg5 14. Be3 Be6 15. Nd5 Bxd5
16. cxd5 Ne7 17. bxc5 dxc5 18. Be2 Nc8 19. Nf3 Bf6 20. Nd2 Nd6 21. Nc4 Nxc4 22.
dxc4 Bg5 23. Bxg5 Nxg5 24. Qd3 Qd6 25. h4 Nh7 26. a4 Rab8 27. Rb5 Rb7 28. a5
Rfb8 29. axb6 axb6 30. Ra1 Nf6 31. Rb2 Ne8 32. g3 Qe7 33. Ra6 Nd6 34. Bd1 f5
35. Bf3 f4 36. Kg2 Qf6 37. Qe2 Ne8 38. Rb1 Nc7 39. Ra3 Rf8 40. Rbb3 Qd6 41. Qa2
fxg3 42. fxg3 b5 43. cxb5 Rxb5 44. Rxb5 Nxb5 45. Ra6 Qb8 46. Bg4 Nc3 47. Qd2
Nxe4 48. Rxh6+ Kg8 49. Be6+ Rf7 50. Qc2 gxh6 51. Qxe4 Qb2+ 52. Kh3 Qf2 53. Qg6+
Kf8 54. Qxh6+ Ke7 55. d6+ Kd8 56. Bxf7 Qxf7 57. Qh8+ Kd7 58. Qxe5 c4 59. Kg2 c3
60. Qxc3 Kxd6 61. Qd4+ Kc6 62. Qe4+ Kc5 63. Qe5+ Kc6 64. h5 Qa2+ 65. Kh3 Qd2
66. g4 Qd3+ 67. Kh4 Qd8+ 68. g5 1-0

[Event "Gibraltar Masters 2014"]
[Site "Caleta ENG"]
[Date "2014.01.28"]
[Round "1.45"]
[White "Van den Bersselaar, J."]
[Black "Libiszewski, F."]
[Result "0-1"]
[WhiteElo "2146"]
[BlackElo "2533"]
[PlyCount "56"]
[EventDate "2014.01.28"]

1. d4 Nf6 2. c4 g6 3. Nc3 Bg7 4. e4 d6 5. Nf3 O-O 6. Be2 Nbd7 7. O-O e5 8. Be3
Qe7 9. Qc2 c6 10. Rfe1 h6 11. h3 exd4 12. Bxd4 Re8 13. Bf1 Ne5 14. Nxe5 dxe5
15. Be3 Nh5 16. g3 Be6 17. a3 f5 18. exf5 gxf5 19. Kh2 Qf7 20. f4 Kh8 21. Rad1
Rg8 22. Be2 Nxg3 23. Kxg3 exf4+ 24. Kxf4 Be5+ 25. Kxe5 Qg7+ 26. Kd6 Rad8+ 27.
Kxe6 Rde8+ 28. Kd6 Qe7# 0-1

[Event "Gibraltar Masters 2014"]
[Site "Caleta ENG"]
[Date "2014.01.28"]
[Round "1.46"]
[White "Khotenashvili, B."]
[Black "Osuna Vega, E."]
[Result "1-0"]
[WhiteElo "2527"]
[BlackElo "2141"]
[PlyCount "39"]
[EventDate "2014.01.28"]

1. d4 e6 2. g3 Nf6 3. c4 d5 4. Nf3 Be7 5. Bg2 O-O 6. O-O c5 7. cxd5 Nxd5 8. e4
Nf6 9. Nc3 cxd4 10. Nxd4 Nbd7 11. Qe2 Bc5 12. Rd1 Qc7 13. Be3 a6 14. Rac1 Qb8
15. a4 Re8 16. a5 Bb4 17. Nb3 b6 18. e5 Bxc3 19. exf6 Bxf6 20. Rxc8 1-0

[Event "Gibraltar Masters 2014"]
[Site "Caleta ENG"]
[Date "2014.01.28"]
[Round "1.47"]
[White "Allor, C."]
[Black "Cramling, P."]
[Result "0-1"]
[WhiteElo "2135"]
[BlackElo "2525"]
[PlyCount "88"]
[EventDate "2014.01.28"]

1. Nf3 Nf6 2. g3 b6 3. Bg2 Bb7 4. c4 g6 5. Nc3 Bg7 6. d4 Ne4 7. Nxe4 Bxe4 8.
O-O O-O 9. Bf4 c5 10. Be5 f6 11. Bxb8 Rxb8 12. d5 f5 13. Qc1 e6 14. Nd2 Bxg2
15. Kxg2 exd5 16. cxd5 Qf6 17. Rb1 Qd4 18. Nf3 Qxd5 19. Rd1 Qxa2 20. Ra1 Qe6
21. Rxa7 d5 22. Qf4 Ra8 23. Rda1 Rxa7 24. Rxa7 h6 25. Qc7 Rf7 26. Qd8+ Bf8 27.
Ra6 Rf6 28. e3 Qd6 29. Ra8 Qxd8 30. Rxd8 Rd6 31. Rb8 d4 32. exd4 cxd4 33. Kf1
d3 34. Ke1 Re6+ 35. Kd2 Kf7 36. Nd4 Bb4+ 37. Kxd3 Rd6 38. Rb7+ Kf6 39. Rc7 Bc5
40. Rc6 Rxc6 41. Nxc6 Bxf2 42. b4 Bg1 43. Ke2 Bxh2 44. Kf3 Bg1 0-1

[Event "Gibraltar Masters 2014"]
[Site "Caleta ENG"]
[Date "2014.01.28"]
[Round "1.48"]
[White "El Debs, F."]
[Black "Amgalanbaatar, R."]
[Result "0-1"]
[WhiteElo "2520"]
[BlackElo "2137"]
[PlyCount "74"]
[EventDate "2014.01.28"]

1. Nf3 d6 2. d4 Bg4 3. c4 Bxf3 4. gxf3 e6 5. Nc3 c6 6. d5 cxd5 7. cxd5 e5 8.
Qb3 b6 9. Bh3 Nf6 10. Qa4+ Nfd7 11. Nb5 a6 12. Bg5 f6 13. Rc1 Nc5 14. Rxc5 axb5
15. Qxa8 dxc5 16. Bd2 Bd6 17. Be6 Qc7 18. O-O Ke7 19. Kg2 c4 20. Rc1 Rd8 21. b3
Nc6 22. Qa6 Nd4 23. Be3 c3 24. Bxd4 exd4 25. Qxb5 Bxh2 26. Qd3 Bf4 27. e3 dxe3
28. fxe3 Qe5 29. Rxc3 Qg5+ 30. Kf1 Bh2 31. Qxh7 Qg1+ 32. Ke2 Qg2+ 33. Kd3 Be5
34. Rc2 Qg1 35. Ke4 Bd6 36. Bg4 Re8 37. Bh5 Qb1 0-1

[Event "Gibraltar Masters 2014"]
[Site "Caleta ENG"]
[Date "2014.01.28"]
[Round "1.49"]
[White "Samu, S."]
[Black "Oparin, G."]
[Result "0-1"]
[WhiteElo "2131"]
[BlackElo "2517"]
[PlyCount "66"]
[EventDate "2014.01.28"]

1. c4 Nf6 2. Nc3 e6 3. g3 d5 4. e3 Be7 5. Nf3 O-O 6. d4 b6 7. cxd5 exd5 8. Bd2
c5 9. Rc1 Nc6 10. dxc5 bxc5 11. Na4 Ne4 12. Nc3 Nxd2 13. Qxd2 d4 14. Nd1 Bb7
15. Bg2 Ne5 16. Nxe5 Bxg2 17. Rg1 Bb7 18. exd4 cxd4 19. Kf1 Qd5 20. Nd3 Rfe8
21. b3 Qf5 22. Nf4 Bg5 23. f3 Bxf3 24. Nf2 Bxf4 25. gxf4 Be2+ 26. Ke1 Qh5 27.
Rg5 Ba6+ 28. Re5 f6 29. Re4 Rxe4+ 30. Nxe4 Re8 31. Qg2 Qd5 32. Rc7 Rxe4+ 33.
Kd1 Re1+ 0-1

[Event "Gibraltar Masters 2014"]
[Site "Caleta ENG"]
[Date "2014.01.28"]
[Round "1.50"]
[White "Gordon, S."]
[Black "Burrows, M."]
[Result "1-0"]
[WhiteElo "2516"]
[BlackElo "2127"]
[PlyCount "61"]
[EventDate "2014.01.28"]

1. Nf3 Nf6 2. c4 e6 3. g3 d5 4. Bg2 dxc4 5. Qa4+ Nbd7 6. Qxc4 a6 7. Qc2 c5 8.
Nc3 Rb8 9. d4 cxd4 10. Nxd4 Bc5 11. Nb3 Ba7 12. O-O O-O 13. Ne4 Nxe4 14. Bxe4
f5 15. Bg2 e5 16. Bd2 Nf6 17. Ba5 Qe7 18. Bc7 Ra8 19. Rfd1 Bb8 20. Rac1 e4 21.
Bd8 Rxd8 22. Rxd8+ Qxd8 23. Qxc8 Qxc8 24. Rxc8+ Kf7 25. Na5 Nd7 26. Nxb7 Nb6
27. Rc6 Ba7 28. Nd6+ Ke6 29. Nxe4+ Ke5 30. Nc5 Rd8 31. f4+ 1-0

[Event "Gibraltar Masters 2014"]
[Site "Caleta ENG"]
[Date "2014.01.28"]
[Round "1.51"]
[White "Hagesaether, A."]
[Black "Cmilyte, V."]
[Result "0-1"]
[WhiteElo "2126"]
[BlackElo "2515"]
[PlyCount "60"]
[EventDate "2014.01.28"]

1. e4 c5 2. f4 d5 3. exd5 Nf6 4. Bb5+ Nbd7 5. c4 a6 6. Bxd7+ Bxd7 7. Nf3 e6 8.
Qe2 Be7 9. dxe6 Bxe6 10. b3 Bf5 11. Nc3 Bd3 12. Qf2 O-O 13. Bb2 b5 14. Ne5 Re8
15. Qf3 Bd6 16. Ne2 bxc4 17. O-O Be4 18. Qc3 cxb3 19. Ng3 Bd5 20. Ng4 bxa2 21.
Nf5 Bf8 22. Nfh6+ Kh8 23. Ne3 Ra7 24. Qd3 Be6 25. Qxd8 Rxd8 26. f5 Bb3 27. Rf3
Rxd2 28. Bc3 Rd3 29. Bxf6 gxf6 30. Nhg4 c4 0-1

[Event "Gibraltar Masters 2014"]
[Site "Caleta ENG"]
[Date "2014.01.28"]
[Round "1.53"]
[White "Weichelt, J."]
[Black "Hoang Thanh Trang"]
[Result "1/2-1/2"]
[WhiteElo "2116"]
[BlackElo "2511"]
[PlyCount "118"]
[EventDate "2014.01.28"]

1. d4 f5 2. Bg5 h6 3. Bh4 g5 4. Bg3 Nf6 5. e3 d6 6. Nc3 e6 7. Bd3 Nc6 8. Nge2
Bg7 9. h4 Qe7 10. hxg5 hxg5 11. Rxh8+ Bxh8 12. Qd2 Bd7 13. f3 O-O-O 14. O-O-O
Qf7 15. a3 Qh5 16. Bf2 Bg7 17. Ng3 Qf7 18. Rh1 Kb8 19. Kb1 a6 20. e4 f4 21.
Nge2 Rh8 22. Qe1 Nh5 23. Na2 Bc8 24. Nb4 Ne7 25. c3 Qe8 26. Qd1 a5 27. Na2 Bd7
28. Bc4 d5 29. Bd3 Bb5 30. Nac1 Bxd3+ 31. Qxd3 Nf6 32. Rxh8 Qxh8 33. e5 Nd7 34.
Qd1 Nf5 35. g4 Ne7 36. Qf1 Qh7+ 37. Ka2 Qc2 38. Ng1 Nb6 39. Nd3 Nc4 40. Qb1 Qd2
41. Be1 Qg2 42. Bf2 a4 43. Qd1 b5 44. Qe2 Nc6 45. Nc5 Nd8 46. b3 axb3+ 47. Kxb3
Kc8 48. a4 bxa4+ 49. Nxa4 Nb7 50. Kc2 Bf8 51. Nb2 Nxb2 52. Kxb2 Na5 53. Kc2 Nc4
54. Kd1 Ba3 55. Ke1 Qh2 56. Qc2 Bb2 57. Ke2 Qh6 58. Kf1 Qh2 59. Ke2 Ba3 1/2-1/2

[Event "Gibraltar Masters 2014"]
[Site "Caleta ENG"]
[Date "2014.01.28"]
[Round "1.54"]
[White "Xu Jun"]
[Black "Duff, R."]
[Result "1-0"]
[WhiteElo "2510"]
[BlackElo "2113"]
[PlyCount "59"]
[EventDate "2014.01.28"]

1. c4 e6 2. d4 d5 3. Nf3 Nf6 4. Nc3 c6 5. Bg5 Nbd7 6. e3 Qa5 7. cxd5 Nxd5 8.
Qd2 Bb4 9. Rc1 O-O 10. a3 Bxc3 11. bxc3 Qxa3 12. Bd3 e5 13. O-O f6 14. Bh4 Qe7
15. Qc2 Kh8 16. Rfe1 b6 17. dxe5 Nxe5 18. Nxe5 Qxe5 19. Bg3 Qh5 20. e4 Ne7 21.
Bd6 Qf7 22. e5 f5 23. e6 Qf6 24. Bxe7 Qxe7 25. Bxf5 g6 26. Bg4 Rf6 27. Qe4 Bb7
28. Rcd1 Re8 29. Qe5 Bc8 30. Rd7 1-0

[Event "Gibraltar Masters 2014"]
[Site "Caleta ENG"]
[Date "2014.01.28"]
[Round "1.55"]
[White "Kenney, J."]
[Black "Muzychuk, M."]
[Result "0-1"]
[WhiteElo "2112"]
[BlackElo "2503"]
[PlyCount "94"]
[EventDate "2014.01.28"]

1. c4 c5 2. g3 Nc6 3. Bg2 g6 4. Nc3 Bg7 5. Nf3 e5 6. O-O Nge7 7. a3 d6 8. b4 e4
9. Ng5 h6 10. Ngxe4 f5 11. bxc5 fxe4 12. cxd6 Qxd6 13. Nxe4 Qc7 14. Rb1 O-O 15.
d3 Kh7 16. a4 b6 17. Bb2 Bxb2 18. Rxb2 Be6 19. Qa1 Rad8 20. Rd2 Qe5 21. Qxe5
Nxe5 22. Rc1 Nf5 23. h3 Nd4 24. Rb2 g5 25. Ra1 Nec6 26. Kf1 Rf7 27. Nd2 Rdf8
28. f3 Re7 29. Nb3 Nxb3 30. Rxb3 Bd7 31. Rb2 Re5 32. Rb5 Rff5 33. Rxe5 Rxe5 34.
Kf2 Nd4 35. Ra2 Ra5 36. e3 Ne6 37. f4 gxf4 38. gxf4 Rxa4 39. Rd2 Kg6 40. Kf3
Nc5 41. e4 Ra3 42. Bf1 b5 43. f5+ Kf7 44. Kf4 bxc4 45. dxc4 Bc6 46. Rd6 Bxe4
47. Be2 Rxh3 0-1

[Event "Gibraltar Masters 2014"]
[Site "Caleta ENG"]
[Date "2014.01.28"]
[Round "1.57"]
[White "Heer, S."]
[Black "Rahman, Zia"]
[Result "1/2-1/2"]
[WhiteElo "2106"]
[BlackElo "2499"]
[PlyCount "57"]
[EventDate "2014.01.28"]

1. e4 c5 2. Nf3 e6 3. d3 Nc6 4. g3 d5 5. Nbd2 Nf6 6. Bg2 g6 7. O-O Bg7 8. Re1
O-O 9. Qe2 b6 10. Nf1 a5 11. e5 Nd7 12. Bf4 Ba6 13. c3 a4 14. h4 a3 15. b3 b5
16. N1h2 c4 17. bxc4 bxc4 18. d4 Rb8 19. Qe3 Ne7 20. Bh3 Re8 21. Bh6 Nf5 22.
Bxf5 exf5 23. Bxg7 Kxg7 24. g4 Rb6 25. Rab1 Rb2 26. Ra1 Rb6 27. Rab1 Rb2 28.
Ra1 Rb6 29. Rab1 1/2-1/2

[Event "Gibraltar Masters 2014"]
[Site "Caleta ENG"]
[Date "2014.01.28"]
[Round "1.58"]
[White "Gallagher, Jo"]
[Black "Compton, A."]
[Result "1-0"]
[WhiteElo "2495"]
[BlackElo "2104"]
[PlyCount "59"]
[EventDate "2014.01.28"]

1. e4 e6 2. d4 d5 3. Nc3 Nf6 4. Bg5 Bb4 5. e5 h6 6. Bc1 Ne4 7. Qg4 g6 8. Nge2
c5 9. a3 Ba5 10. dxc5 Bxc3+ 11. Nxc3 Nxc3 12. bxc3 Qc7 13. Qg3 Qxc5 14. a4 d4
15. cxd4 Qxd4 16. Rb1 Bd7 17. Bd3 Bc6 18. O-O Nd7 19. Bb5 Bxb5 20. Rxb5 Qxa4
21. Rxb7 Qc6 22. Rb3 Rc8 23. Ba3 Qd5 24. Rd3 Qe4 25. Rfd1 Nb6 26. Rd4 Qxc2 27.
Qf4 Qf5 28. Qc1 Qg5 29. Qxc8+ Nxc8 30. h4 1-0

[Event "Gibraltar Masters 2014"]
[Site "Caleta ENG"]
[Date "2014.01.28"]
[Round "1.59"]
[White "Baert, A."]
[Black "Pogonina, N."]
[Result "0-1"]
[WhiteElo "2104"]
[BlackElo "2495"]
[PlyCount "65"]
[EventDate "2014.01.28"]

1. d4 Nf6 2. c4 e6 3. Nc3 Bb4 4. Qc2 O-O 5. Nf3 d5 6. cxd5 exd5 7. Bg5 h6 8.
Bh4 g5 9. Bg3 Ne4 10. e3 Bf5 11. Bd3 c5 12. dxc5 Nd7 13. Bd6 Re8 14. O-O Bxc3
15. bxc3 Rc8 16. Nd4 Bg6 17. Nb3 Qf6 18. Bxe4 Bxe4 19. Qe2 b6 20. Qb5 Red8 21.
Rfd1 Nxc5 22. Nxc5 Rxd6 23. Nxe4 dxe4 24. Rxd6 Qxd6 25. Qf5 Rc4 26. h4 gxh4 27.
Qg4+ Qg6 28. Qxh4 Rxc3 29. Rd1 Rc2 30. Rd4 Rxa2 31. Rxe4 Ra1+ 32. Kh2 Ra5 33.
Re8+ 0-1

[Event "Gibraltar Masters 2014"]
[Site "Caleta ENG"]
[Date "2014.01.28"]
[Round "1.60"]
[White "Debashis, D."]
[Black "Pabalan, R."]
[Result "1-0"]
[WhiteElo "2494"]
[BlackElo "2103"]
[PlyCount "69"]
[EventDate "2014.01.28"]

1. d4 Nf6 2. c4 e6 3. Nc3 Bb4 4. e3 O-O 5. Bd3 d5 6. Nf3 c5 7. O-O Nc6 8. a3
Ba5 9. h3 a6 10. cxd5 exd5 11. dxc5 Bxc3 12. bxc3 Qa5 13. a4 Re8 14. Ba3 Ne4
15. Qc2 Bf5 16. Rab1 Qc7 17. c4 dxc4 18. Qxc4 Rad8 19. Rfd1 Ne5 20. Nxe5 Rxe5
21. f3 Be6 22. Qc2 Nf6 23. Rxb7 Qc8 24. c6 Re8 25. Bd6 Ra5 26. Rb8 Qxb8 27.
Bxb8 Rxb8 28. c7 Rf8 29. Be4 Bc8 30. Qc3 Rxa4 31. Bc6 Ra2 32. Rd8 h6 33. Rxf8+
Kxf8 34. Qb4+ Kg8 35. Qb8 1-0

[Event "Gibraltar Masters 2014"]
[Site "Caleta ENG"]
[Date "2014.01.28"]
[Round "1.61"]
[White "Walton, A."]
[Black "Popilski, G."]
[Result "0-1"]
[WhiteElo "2083"]
[BlackElo "2492"]
[PlyCount "88"]
[EventDate "2014.01.28"]

1. d4 Nf6 2. Bg5 e6 3. e4 h6 4. Bxf6 Qxf6 5. Nc3 d6 6. Bc4 g6 7. Nge2 Bg7 8.
O-O a6 9. a4 Nc6 10. d5 Ne7 11. Qd2 O-O 12. dxe6 Bxe6 13. Bxe6 Qxe6 14. Rad1
Rae8 15. Ng3 Qc4 16. Nge2 Nc6 17. b3 Qc5 18. h3 Kh7 19. Qe3 Qxe3 20. fxe3 Nb4
21. Rd2 Kg8 22. Rf3 a5 23. Nd5 Na6 24. Ng3 h5 25. h4 Re6 26. Nf4 Re5 27. Nd5
Rd8 28. Rdf2 Rd7 29. Rf4 Nc5 30. Rf1 Re8 31. Rd1 Be5 32. Rf3 Kf8 33. Rdf1 Kg7
34. Rd1 Rc8 35. Nf4 Re7 36. Rdf1 Bxf4 37. Rxf4 Rd8 38. Kh2 Rdd7 39. Rd1 Re6 40.
Rd4 Rde7 41. Rc4 c6 42. Rd4 Nd7 43. Kg1 Nf6 44. Kf1 d5 0-1

[Event "Gibraltar Masters 2014"]
[Site "Caleta ENG"]
[Date "2014.01.28"]
[Round "1.63"]
[White "Dasaolu, R."]
[Black "Tan Zhongyi"]
[Result "0-1"]
[WhiteElo "2077"]
[BlackElo "2483"]
[PlyCount "124"]
[EventDate "2014.01.28"]

1. d4 Nf6 2. c4 e6 3. Nf3 Bb4+ 4. Bd2 c5 5. a3 Bxd2+ 6. Qxd2 b6 7. Nc3 Bb7 8.
d5 exd5 9. cxd5 O-O 10. e3 d6 11. Be2 Qe7 12. O-O a6 13. a4 Nbd7 14. Rfd1 Rfe8
15. Qc2 Rac8 16. Bc4 g6 17. Qd3 Ra8 18. h3 Ne4 19. Nxe4 Qxe4 20. Qxe4 Rxe4 21.
Nd2 Re7 22. e4 f5 23. f3 Nf6 24. Bd3 fxe4 25. fxe4 Rd8 26. Ra3 Nd7 27. Nc4 Ne5
28. Nxe5 Rxe5 29. Rb3 b5 30. axb5 axb5 31. Bxb5 Rxe4 32. Bc6 Bxc6 33. dxc6 Re7
34. Rbd3 Re6 35. Rd5 Kf7 36. Ra1 Rc8 37. Ra6 Rf6 38. c7 Ke7 39. Rc6 Re6 40. Kf2
Kd7 41. Rcxc5 Rxc7 42. Rxc7+ Kxc7 43. Kf3 Kc6 44. Ra5 Re7 45. Ra6+ Kd5 46. Rb6
Kc5 47. Rb3 d5 48. Rc3+ Kd4 49. Rb3 Kc5 50. Rc3+ Kd6 51. Rd3 Rb7 52. b3 Ke5 53.
Ke3 d4+ 54. Rxd4 Rxb3+ 55. Rd3 Rb2 56. Rd2 Rxd2 57. Kxd2 Kf4 58. Ke2 Kg3 59.
Kf1 Kh2 60. Kf2 g5 61. h4 g4 62. h5 g3+ 0-1

[Event "Gibraltar Masters 2014"]
[Site "Caleta ENG"]
[Date "2014.01.28"]
[Round "1.65"]
[White "Verneuil, P."]
[Black "Hambleton, A."]
[Result "1-0"]
[WhiteElo "2065"]
[BlackElo "2481"]
[PlyCount "65"]
[EventDate "2014.01.28"]

1. e4 d6 2. d4 Nf6 3. Nc3 e5 4. Nf3 Nbd7 5. Bc4 Be7 6. O-O Nb6 7. Bb3 exd4 8.
Qxd4 O-O 9. a4 a5 10. Re1 Nfd7 11. Bf4 Nc5 12. Nd5 Nxd5 13. Bxd5 c6 14. Bc4 Ne6
15. Qd2 Nxf4 16. Qxf4 Qb6 17. b3 Qc5 18. Rad1 Bd7 19. e5 d5 20. Bd3 Qb4 21. Qg3
Rad8 22. Nd4 g6 23. Bf5 Bxf5 24. Nxf5 Rfe8 25. Re3 Bf8 26. Rd4 Qa3 27. Rd1 Qb2
28. Re2 Bc5 29. Nh6+ Kg7 30. Qf4 Rd7 31. Ng4 Be7 32. Qh6+ Kg8 33. Nf6+ 1-0

[Event "Gibraltar Masters 2014"]
[Site "Caleta ENG"]
[Date "2014.01.28"]
[Round "1.66"]
[White "Raznikov, D."]
[Black "Biegel, T."]
[Result "1-0"]
[WhiteElo "2479"]
[BlackElo "2059"]
[PlyCount "53"]
[EventDate "2014.01.28"]

1. d4 d5 2. c4 c6 3. cxd5 cxd5 4. Bf4 Nf6 5. Nc3 Nc6 6. e3 a6 7. Be2 e6 8. Rc1
Bd6 9. Bxd6 Qxd6 10. f4 b5 11. Bd3 Bb7 12. Nf3 Rc8 13. O-O Na5 14. Qe1 Nc4 15.
b3 Nb6 16. Ne5 b4 17. Ne2 Rxc1 18. Nxc1 g6 19. Qh4 Qe7 20. Bxg6 fxg6 21. Nxg6
hxg6 22. Qxh8+ Qf8 23. Qxf8+ Kxf8 24. Nd3 a5 25. Rc1 Nfd7 26. Nc5 Nxc5 27. Rxc5
1-0

[Event "Gibraltar Masters 2014"]
[Site "Caleta ENG"]
[Date "2014.01.28"]
[Round "1.67"]
[White "Freuler, R."]
[Black "Henrichs, T."]
[Result "0-1"]
[WhiteElo "2048"]
[BlackElo "2477"]
[PlyCount "102"]
[EventDate "2014.01.28"]

1. e4 c5 2. Nf3 d6 3. d4 cxd4 4. Nxd4 Nf6 5. Nc3 a6 6. Be3 e5 7. Nb3 Be6 8. f3
Be7 9. Qd2 O-O 10. O-O-O a5 11. Kb1 a4 12. Nc1 Ra5 13. g4 d5 14. g5 Nxe4 15.
Nxe4 dxe4 16. Qxd8 Rxd8 17. Rxd8+ Bxd8 18. fxe4 Nd7 19. Nd3 Bb6 20. Bxb6 Nxb6
21. Be2 h6 22. gxh6 g6 23. Nf2 Kh7 24. h4 Nd7 25. b4 axb3 26. axb3 Kxh6 27. Kb2
Nf6 28. c4 Ra8 29. Rd1 Kg7 30. Kc3 Rh8 31. Rh1 g5 32. Rg1 Rxh4 33. Rxg5+ Kf8
34. Bf3 Nh7 35. Rg3 f6 36. Kd3 Ng5 37. Bg4 Rh2 38. Bxe6 Rxf2 39. Bf5 Ke7 40.
Ke3 Rb2 41. Rg1 Rxb3+ 42. Ke2 Kd6 43. Rh1 Kc5 44. Rh6 Rb6 45. Kd3 Rd6+ 46. Kc3
Rd4 47. Rxf6 Rxe4 48. Rg6 Rxc4+ 49. Kd3 Nf7 50. Re6 Rf4 51. Be4 Rxe4 0-1

[Event "Gibraltar Masters 2014"]
[Site "Caleta ENG"]
[Date "2014.01.28"]
[Round "1.68"]
[White "Al Sayed, Mohamad"]
[Black "Skutta, B."]
[Result "1-0"]
[WhiteElo "2476"]
[BlackElo "2048"]
[PlyCount "89"]
[EventDate "2014.01.28"]

1. d4 d5 2. c4 c6 3. Nc3 Nf6 4. e3 Bf5 5. cxd5 cxd5 6. Qb3 Qd7 7. Nf3 e6 8. Bb5
Nc6 9. Ne5 Qc7 10. Qa4 Rc8 11. Qxa7 Bd6 12. Nxc6 O-O 13. Qa5 bxc6 14. Qxc7 Rxc7
15. Be2 Rb8 16. O-O Ne4 17. Na4 Ra7 18. Bd1 Rba8 19. f3 Nf6 20. b3 Bb4 21. Rf2
Bd3 22. a3 Rxa4 23. bxa4 Bc3 24. Raa2 Bb1 25. Rab2 Bxb2 26. Rxb2 Bd3 27. Bd2
Kf8 28. Rb7 Ke8 29. Rc7 Rb8 30. Bb4 Nd7 31. Rxc6 Ra8 32. Bb3 Kd8 33. Kf2 Ra6
34. Rc3 Bg6 35. a5 Nb8 36. Ba4 Ra7 37. Bc5 Rb7 38. Bb6+ Ke7 39. Bb5 f6 40. Rc7+
Rxc7 41. Bxc7 Be8 42. a4 Nc6 43. a6 Na7 44. Bxe8 Kxe8 45. Bb6 1-0

[Event "Gibraltar Masters 2014"]
[Site "Caleta ENG"]
[Date "2014.01.28"]
[Round "1.69"]
[White "Nyland, T."]
[Black "Ashwin, J."]
[Result "1/2-1/2"]
[WhiteElo "2048"]
[BlackElo "2473"]
[PlyCount "111"]
[EventDate "2014.01.28"]

1. e4 c5 2. c3 Nf6 3. e5 Nd5 4. d4 cxd4 5. cxd4 e6 6. Nc3 Bb4 7. Bd2 O-O 8. Nf3
d6 9. Bc4 dxe5 10. dxe5 Nc6 11. O-O Nb6 12. Bb3 Nd4 13. Be3 Nxb3 14. Qxb3 Bxc3
15. Bxb6 Qxb6 16. Qxc3 Bd7 17. Qd4 Bc6 18. Qxb6 axb6 19. Rfd1 Rfc8 20. Rd6 Bd5
21. a3 Rc6 22. Rxc6 bxc6 23. Rc1 Ra4 24. Kf1 Kf8 25. Rc3 Re4 26. Re3 Rc4 27.
Rc3 Rxc3 28. bxc3 Ke7 29. Nd2 b5 30. f3 Kd7 31. Ke2 Kc7 32. Kd3 Kb6 33. c4
bxc4+ 34. Nxc4+ Kc5 35. Nd6 f5 36. h4 Bb3 37. f4 h5 38. Ne8 g6 39. Nd6 Ba4 40.
Nc8 Bb5+ 41. Kc3 Kd5 42. a4 Ba6 43. Ne7+ Ke4 44. Nxg6 c5 45. a5 Bf1 46. Nf8
Kxf4 47. Nxe6+ Kxe5 48. Nxc5 Bxg2 49. a6 f4 50. Kd3 Kd5 51. Nd7 Bf1+ 52. Kd2
Bxa6 53. Nf6+ Kd4 54. Nxh5 f3 55. Ng3 f2 56. h5 1/2-1/2

[Event "Gibraltar Masters 2014"]
[Site "Caleta ENG"]
[Date "2014.01.28"]
[Round "1.70"]
[White "Flear, G."]
[Black "Nejanky, M."]
[Result "1-0"]
[WhiteElo "2471"]
[BlackElo "2040"]
[PlyCount "75"]
[EventDate "2014.01.28"]

1. d4 Nf6 2. c4 e6 3. Nc3 Bb4 4. Qc2 O-O 5. a3 Bxc3+ 6. Qxc3 b6 7. Bg5 h6 8.
Bh4 Bb7 9. e3 d6 10. f3 c5 11. dxc5 bxc5 12. Rd1 e5 13. Nh3 Qe7 14. Bxf6 Qxf6
15. Nf2 a5 16. Qd2 Rd8 17. Bd3 d5 18. Be4 Nd7 19. cxd5 Nb6 20. d6 Nc4 21. Qc3
Nxd6 22. Rxd6 Qxd6 23. Bxb7 Rab8 24. Be4 Rb3 25. Qc1 Qb6 26. O-O c4 27. Nd1 c3
28. Nxc3 Rc8 29. Bc2 Rxb2 30. Nd5 Qb7 31. Ne7+ Qxe7 32. Qxb2 Qc5 33. Be4 Qxe3+
34. Kh1 g6 35. h3 Qf4 36. Rd1 Kg7 37. Qd2 Qf6 38. Qxa5 1-0

[Event "Gibraltar Masters 2014"]
[Site "Caleta ENG"]
[Date "2014.01.28"]
[Round "1.71"]
[White "Stewart, Ashley"]
[Black "Galego, L."]
[Result "0-1"]
[WhiteElo "2037"]
[BlackElo "2465"]
[PlyCount "152"]
[EventDate "2014.01.28"]

1. Nf3 c5 2. c4 Nc6 3. g3 g6 4. Bg2 Bg7 5. Nc3 e5 6. O-O Nge7 7. a3 O-O 8. Rb1
a5 9. Ne1 d6 10. Nc2 Be6 11. Ne3 Rb8 12. Ned5 Bxd5 13. Nxd5 Nxd5 14. Bxd5 Bh6
15. e3 Bg7 16. d3 Ne7 17. Bg2 b5 18. Bd2 b4 19. axb4 axb4 20. Qb3 f5 21. Ra1
Qd7 22. Bc1 g5 23. f4 exf4 24. exf4 gxf4 25. Bxf4 Ng6 26. Ra6 Nxf4 27. gxf4 Qe7
28. Qc2 Qe3+ 29. Kh1 b3 30. Bd5+ Kh8 31. Qg2 Rf6 32. Rf3 Qe1+ 33. Rf1 Qe7 34.
Qf2 Rg6 35. Re1 Qf6 36. Re2 Qf8 37. Bg2 Bd4 38. Qf3 Qf6 39. Ra8 Rxa8 40. Qxa8+
Rg8 41. Qb7 Qh6 42. Qxb3 Qxf4 43. Qd1 Be5 44. Bd5 Rg6 45. Qe1 Kg7 46. Qf2 Qg5
47. Qf1 Bd4 48. Rg2 Qe3 49. Bf3 Be5 50. Qe2 Qf4 51. Bh5 Rxg2 52. Qxg2+ Kh6 53.
Be2 Qc1+ 54. Qf1 Qxb2 55. Qh3+ Kg7 56. Qg2+ Kf6 57. Qf2 Qc1+ 58. Qf1 Qh6 59.
Qg2 Qh4 60. Bf1 h5 61. Be2 Bxh2 62. Bf1 Be5+ 63. Qh3 Qf2 64. Qg2 Qf4 65. Be2
Qh4+ 66. Kg1 Bd4+ 67. Kf1 Qf4+ 68. Qf3 Qc1+ 69. Bd1 h4 70. Qh5 Qf4+ 71. Qf3 Qg5
72. Qg2 Qc1 73. Qf3 h3 74. Qh5 Qf4+ 75. Qf3 Qh4 76. Be2 h2 0-1

[Event "Gibraltar Masters 2014"]
[Site "Caleta ENG"]
[Date "2014.01.28"]
[Round "1.72"]
[White "Larino Nieto, D."]
[Black "Hughes, Ro"]
[Result "1-0"]
[WhiteElo "2465"]
[BlackElo "2027"]
[PlyCount "41"]
[EventDate "2014.01.28"]

1. b3 d5 2. Bb2 Nf6 3. g3 Bf5 4. Bg2 e6 5. d3 Be7 6. Nf3 O-O 7. Nh4 Bg4 8. h3
Bh5 9. g4 Nfd7 10. Nf3 Bg6 11. h4 h5 12. e4 c5 13. exd5 exd5 14. Ng5 Nf6 15.
gxh5 Bxh5 16. Bf3 Bg6 17. h5 Nxh5 18. Nh3 Nf6 19. Nf4 Bf5 20. Bxd5 Bg4 21. Ng6
1-0